History Quiz

Random History or Grab Bag Quiz

March 12th Quiz Stats

Quiz Updated Mar 12, 2015

Challenge
Share
Tweet
Embed
Score 0/12 Timer 04:00
0 Plays Today
Event Answer % Correct
A reactor at the Fukushima Daiichi Nuclear Power Plant melts and explodes in this country.Japan
95%
This carbonated beverage is bottled and sold for the first time in Vicksburg, Mississippi.Coca-Cola
92%
Pius XII is crowned this in the Vatican.Pope
91.7%
This US president gave the first of his 'Fireside Chats.'Franklin Roosevelt
86.3%
This former Massachusetts governor and future 2012 Republican US presidential candidate was born.Mitt Romney
75.8%
This stock indicator closes above 500 for the first time.Dow Jones
73.9%
This Atlantic island, a corner of a famed geographic triangle, becomes an English colony.Bermuda
66.7%
Three countries (Czech Republic, Hungary and Poland) that were formerly in this Pact join NATO.Warsaw
63.9%
Juliette Gordon Low founded this organization for pre-teens and young women.Girl Scouts of the USA
60.4%
This woman is sworn in as the United States' first female attorney general.Janet Reno
49.4%
This weather phenomenon began for 3 days in New England killing over 400 people.The Great Blizzard of '88
47.5%
This knighted UK fantasy author who penned the 'Discworld' series passes away. Terry Pratchett
44.9%

You're not logged in!

Compare scores with friends on all Sporcle quizzes.
Sign Up with Email
OR
Log In

You Might Also Like...

Show Comments

Extras

Top Quizzes Today


Score Distribution

Your Account Isn't Verified!

In order to create a playlist on Sporcle, you need to verify the email address you used during registration. Go to your Sporcle Settings to finish the process.